CHARITHRAM ADRUSYAMAKKIYA MURIVUKAL (Record no. 8680)
[ view plain ]
| 000 -LEADER | |
|---|---|
| fixed length control field | 00403nam a22001457a 4500 |
| 020 ## - INTERNATIONAL STANDARD BOOK NUMBER | |
| ISBN | 978-93-5643-593-3 |
| 082 ## - DEWEY DECIMAL CLASSIFICATION NUMBER | |
| Classification number | 920 |
| Item number | SUD/C |
| 100 ## - MAIN ENTRY--AUTHOR NAME | |
| Personal name | SUDHA MENON |
| 245 ## - TITLE STATEMENT | |
| Title | CHARITHRAM ADRUSYAMAKKIYA MURIVUKAL |
| 246 ## - VARYING FORM OF TITLE | |
| Title proper/short title | CHARITHRAM ADRUSYAMAKKIYA MURIVUKAL |
| Remainder of title | CHARITHRAM ADRUSYAMAKKIYA MURIVUKAL |
| 260 ## - PUBLICATION, DISTRIBUTION, ETC. (IMPRINT) | |
| Place of publication | KOTTAYAM,INDIA |
| Name of publisher | D C BOOKS |
| Year of publication | 2023 |
| 300 ## - PHYSICAL DESCRIPTION | |
| Number of Pages | 232 |
| 650 ## - SUBJECT ADDED ENTRY--TOPICAL TERM | |
| Topical Term | MALAYALAM MEMOIR |
| 942 ## - ADDED ENTRY ELEMENTS (KOHA) | |
| Koha item type | Books |
| Withdrawn status | Lost status | Collection code | Home library | Current library | Shelving location | Date acquired | Source of acquisition | Cost, normal purchase price | Full call number | Accession Number | Koha item type |
|---|---|---|---|---|---|---|---|---|---|---|---|
| Non-fiction | Main Library | Main Library | NEW SHELF WITH NEW ENTRY | 06/05/2024 | PURCHASED | 280.00 | 920 SUD/C | 13614 | Books |